The study on rice production technique of farmers in thmorkoul district, battambang province, សិក្សាបច្ចេកទេសផលិតកម្មស្រូវរបស់កសិករ នៅស្រុកថ្មគោល ខេត្តបាត់ដំបង)) (Record no. 1443)
[ view plain ]
| 000 -LEADER | |
|---|---|
| fixed length control field | 00652nam a22001577a 4500 |
| 003 - CONTROL NUMBER IDENTIFIER | |
| control field | OSt |
| 005 - DATE AND TIME OF LATEST TRANSACTION | |
| control field | 20150928185056.0 |
| 008 - FIXED-LENGTH DATA ELEMENTS--GENERAL INFORMATION | |
| fixed length control field | 150928b xxu||||| |||| 00| 0 eng d |
| 040 ## - CATALOGING SOURCE | |
| Transcribing agency | RUA |
| 082 ## - DEWEY DECIMAL CLASSIFICATION NUMBER | |
| Classification number | AGR MAO 2010 B060 Or.1 |
| 100 ## - MAIN ENTRY--PERSONAL NAME | |
| 9 (RLIN) | 1535 |
| Personal name | MAO SOVANNE |
| 245 ## - TITLE STATEMENT | |
| Title | The study on rice production technique of farmers in thmorkoul district, battambang province, សិក្សាបច្ចេកទេសផលិតកម្មស្រូវរបស់កសិករ នៅស្រុកថ្មគោល ខេត្តបាត់ដំបង)) |
| 260 ## - PUBLICATION, DISTRIBUTION, ETC. (IMPRINT) | |
| Place of publication, distribution, etc. | phnom penh |
| Name of publisher, distributor, etc. | RUA |
| Date of publication, distribution, etc. | 2010 |
| 300 ## - PHYSICAL DESCRIPTION | |
| Extent | x, 57p. |
| Other physical details | ill. |
| Dimensions | 29cm. |
| 942 ## - ADDED ENTRY ELEMENTS (KOHA) | |
| Source of classification or shelving scheme | |
| Koha item type | AGR |
| Price effective from | Date last seen | Permanent Location | Not for loan | Date acquired | Source of classification or shelving scheme | Koha item type | Lost status | Withdrawn status | Total Renewals | Date last checked out | Total Checkouts | Shelving location | Damaged status | Barcode | Current Location | Full call number |
|---|---|---|---|---|---|---|---|---|---|---|---|---|---|---|---|---|
| 2015-09-28 | 2015-09-28 | Library Block B | 2015-09-28 | AGR | B060 | RUA001889 | Library Block B | AGR MAO 2010 B060 Or.1 | ||||||||
| 2015-09-28 | 2016-05-02 | Library Block B | 2015-09-28 | AGR | 2016-03-22 | 1 | B060 | RUA001817 | Library Block B | AGR MAO 2010 B060 Or.2 | ||||||
| 2015-09-28 | 2018-07-20 | Library Block B | 2015-09-28 | AGR | 2018-07-14 | 2 | B060 | RUA019798 | Library Block B | AGR MAO 2010 B060 Or.3 | ||||||
| 2015-09-28 | 2015-09-28 | Library Block B | 2015-09-28 | AGR | B060 | RUA001745 | Library Block B | AGR MAO 2010 B060 Or.5 | ||||||||
| 2015-09-28 | 2015-09-28 | Library Block B | 2015-09-28 | AGR | B060 | RUA001966 | Library Block B | AGR MAO 2010 B060 Or.6 | ||||||||
| 2015-09-28 | 2022-05-11 | Library Block B | 2015-09-28 | AGR | 1 | 2022-03-07 | 3 | B060 | RUA009693 | Library Block B | AGR MAO 2010 B060 Or.7 | |||||
| 2015-09-28 | 2015-09-28 | Library Block B | 2015-09-28 | AGR | B060 | RUA009981 | Library Block B | AGR MAO 2010 B060 Or.8 |